[Event "BEL-chT 2122"]
[Site "Belgium"]
[Date "2022.03.27"]
[Round "10.3"]
[White "Bosboom, Manuel"]
[Black "Wattin, Joffrey"]
[Result "1-0"]
[WhiteElo "2381"]
[BlackElo "1923"]
[PlyCount "69"]
[EventDate "2021.10.24"]
[EventType "team-tourn"]
[EventRounds "11"]
[EventCountry "BEL"]
[SourceTitle "EXT 2023"]
[Source "ChessBase"]
[SourceDate "2022.10.05"]
[SourceVersion "1"]
[SourceVersionDate "2022.10.05"]
[SourceQuality "1"]
[WhiteTeam "Liege Crelel"]
[BlackTeam "Montigny Fontaine"]
[WhiteTeamCountry "BEL"]
[BlackTeamCountry "BEL"]

1. c4 e5 2. b3 Nf6 3. Bb2 Nc6 4. e3 d5 5. cxd5 Nxd5 6. a3 a6 7. Qc2 Be6 8. Nf3 Bd6 9. h4 h6 10. b4 0-0 11. Nc3 Nxc3 12. Qxc3 Be7 13. Rc1 Bf6 14. Qc2 Qd6 15. Ng5 Rfd8 16. Nxe6 Qxe6 17. Qe4 Qd5 18. Qxd5 Rxd5 19. Rc2 Rad8 20. g3 e4 21. Bxf6 gxf6 22. Bg2 f5 23. g4 Ne5 24. gxf5 Nd3+ 25. Ke2 Rxf5 26. Rf1 Re5 27. Rxc7 f5 28. Rg1 Kf8 29. Bh3 Red5 30. Rgg7 Ne5 31. Bxf5 Rxd2+ 32. Kf1 Rd1+ 33. Kg2 Nf3 34. Rgf7+ Kg8 35. Be6 1-0

[Event "BEL-chT 2122"]
[Site "Belgium"]
[Date "2021.10.24"]
[Round "1.5"]
[White "Wattin, Joffrey"]
[Black "Roeder, Mathias"]
[Result "0-1"]
[WhiteElo "1923"]
[BlackElo "2384"]
[PlyCount "90"]
[EventDate "2021.10.24"]
[EventType "team-tourn"]
[EventRounds "11"]
[EventCountry "BEL"]
[SourceTitle "EXT 2023"]
[Source "ChessBase"]
[SourceDate "2022.10.05"]
[SourceVersion "1"]
[SourceVersionDate "2022.10.05"]
[SourceQuality "1"]
[WhiteTeam "Montigny Fontaine"]
[BlackTeam "Wirtzfeld"]
[WhiteTeamCountry "BEL"]
[BlackTeamCountry "BEL"]

1. e4 c5 2. Nf3 d6 3. d4 cxd4 4. Nxd4 Nf6 5. Nc3 a6 6. Be2 e5 7. Nb3 Be7 8. Be3 Be6 9. 0-0 0-0 10. f4 exf4 11. Rxf4 Nc6 12. Nd4 Ne5 13. Nf5 Rc8 14. Qd2 Bxf5 15. Rxf5 Qd7 16. Raf1 Qe6 17. Bg5 Rxc3 18. Bxf6 Rc7 19. Bxe5 dxe5 20. b3 b5 21. c4 b4 22. Qd5 Qxd5 23. exd5 f6 24. Rd1 Bd6 25. Rdf1 Rcf7 26. g4 g6 27. R5f3 Kg7 28. Bd3 Rh8 29. Kg2 h5 30. Rh3 h4 31. Rhf3 Rhf8 32. Be4 Kh6 33. Kh3 Kg5 34. Kg2 f5 35. gxf5 gxf5 36. Kh3 Bc5 37. Bc2 Rf6 38. Rd3 e4 39. Rd2 Rg6 40. Rg2+ Kh6 41. Rxg6+ Kxg6 42. Rf4 Be3 43. Rxh4 Bg5 44. Rxe4 fxe4 45. Bxe4+ Kf6 0-1

[Event "CEF Winter-ch Elite"]
[Site "Fontaine l'Eveque"]
[Date "2011.01.14"]
[Round "5"]
[White "Van Houtte, Thierry"]
[Black "Wattin, Joffrey"]
[Result "1-0"]
[WhiteElo "2199"]
[BlackElo "2020"]
[PlyCount "57"]
[EventDate "2010.11.19"]
[EventType "tourn"]
[EventRounds "7"]
[EventCountry "BEL"]
[SourceTitle "EXT 2019"]
[Source "ChessBase"]
[SourceDate "2018.10.10"]
[SourceVersion "1"]
[SourceVersionDate "2018.10.10"]
[SourceQuality "1"]

1. e4 c5 2. c3 d5 3. exd5 Qxd5 4. d4 e5 5. dxe5 Qxe5+ 6. Be3 Nf6 7. Nf3 Qc7 8. Bc4 Bd6 9. 0-0 0-0 10. Nbd2 b6 11. Qc2 Bb7 12. Rad1 Nbd7 13. Rfe1 Rad8 14. h3 Qc6 15. a4 a6 16. Bf1 Rfe8 17. Nc4 Bc7 18. Bg5 h6 19. Bh4 b5 20. axb5 axb5 21. Ne3 Re6 22. Nf5 Rde8 23. Rxe6 Rxe6 24. Bg3 Nh5 25. Bxc7 Qxc7 26. Bxb5 Bxf3 27. gxf3 Ne5 28. Qe4 Ng4 29. Qa8+ 1-0

[Event "CEF Winter-ch Elite"]
[Site "Fontaine l'Eveque"]
[Date "2010.12.10"]
[Round "4"]
[White "Wattin, Joffrey"]
[Black "Folie, Nathan"]
[Result "1-0"]
[WhiteElo "2020"]
[BlackElo "1863"]
[PlyCount "97"]
[EventDate "2010.11.19"]
[EventType "tourn"]
[EventRounds "7"]
[EventCountry "BEL"]
[SourceTitle "EXT 2019"]
[Source "ChessBase"]
[SourceDate "2018.10.10"]
[SourceVersion "1"]
[SourceVersionDate "2018.10.10"]
[SourceQuality "1"]

1. e4 e6 2. d4 d5 3. exd5 exd5 4. Bd3 Bd6 5. Nf3 Nf6 6. 0-0 0-0 7. Bg5 Bg4 8. Nbd2 Nbd7 9. c3 c6 10. Qc2 Qc7 11. Rae1 h6 12. Bxf6 Nxf6 13. Ne5 Bxe5 14. dxe5 Nd7 15. f4 Qb6+ 16. Kh1 Nc5 17. f5 Nxd3 18. Qxd3 f6 19. e6 Bh5 20. b3 Be8 21. Qg3 Rc8 22. Nf3 Qc7 23. Qg4 Qe7 24. Nh4 Kh8 25. Rf3 Kg8 26. Rg3 Rc7 27. Qf4 Kh8 28. Ree3 Qa3 29. h3 Qe7 30. Ng6+ Bxg6 31. Rxg6 Kh7 32. Reg3 a6 33. Qg4 Kh8 34. Qh5 Rg8 35. R3g4 Qf8 36. Rf4 Kh7 37. h4 Qa3 38. Qe2 Qd6 39. g4 c5 40. g5 d4 41. Qg4 Rcc8 42. Qf3 Qe5 43. Kg2 Qd6 44. Kg3 d3 45. Qd1 d2 46. c4 Qd3+ 47. Rf3 Qd6+ 48. Kg2 Qe5 49. Qxd2 1-0

[Event "CEF Winter-ch Elite"]
[Site "Fontaine l'Eveque"]
[Date "2010.11.19"]
[Round "1"]
[White "Mastalerz, Xavier"]
[Black "Wattin, Joffrey"]
[Result "1-0"]
[WhiteElo "2129"]
[BlackElo "2020"]
[PlyCount "55"]
[EventDate "2010.11.19"]
[EventType "tourn"]
[EventRounds "7"]
[EventCountry "BEL"]
[SourceTitle "EXT 2019"]
[Source "ChessBase"]
[SourceDate "2018.10.10"]
[SourceVersion "1"]
[SourceVersionDate "2018.10.10"]
[SourceQuality "1"]

1. Nf3 g6 2. c4 Bg7 3. d4 Nf6 4. Nc3 d6 5. e4 0-0 6. Be2 Nbd7 7. 0-0 e5 8. Be3 exd4 9. Nxd4 Re8 10. Qc2 Nc5 11. f3 Be6 12. b4 Ncd7 13. Rad1 a6 14. Rfe1 Qe7 15. Bf1 Rad8 16. Bf2 Ne5 17. Nd5 Bxd5 18. cxd5 Nh5 19. Rc1 Rd7 20. g3 Bh6 21. Bh3 Bxc1 22. Bxd7 Qxd7 23. Rxc1 c5 24. dxc6 bxc6 25. Kg2 c5 26. bxc5 dxc5 27. Qxc5 Nd3 28. Qc6 1-0

[Event "BEL FEFB-ch op"]
[Site "Fontaine l'Eveque"]
[Date "2009.05.31"]
[Round "4"]
[White "Wattin, Joffrey"]
[Black "Capone, Nicola"]
[Result "0-1"]
[WhiteElo "1978"]
[BlackElo "1693"]
[PlyCount "58"]
[EventDate "2009.05.29"]
[EventType "swiss"]
[EventRounds "7"]
[EventCountry "BEL"]
[SourceTitle "EXT 2012"]
[Source "ChessBase"]
[SourceDate "2011.11.24"]
[SourceVersion "1"]
[SourceVersionDate "2011.11.24"]
[SourceQuality "1"]

1. e4 c5 2. Nf3 d6 3. d4 cxd4 4. Nxd4 Nf6 5. Nc3 Nc6 6. Be2 e6 7. Be3 Be7 8. 0-0 0-0 9. f4 a6 10. a4 Qc7 11. g4 d5 12. Bf3 Nxd4 13. Qxd4 dxe4 14. Nxe4 Nxe4 15. Bxe4 e5 16. fxe5 Bxg4 17. Bxh7+ Kxh7 18. Qxg4 Qxe5 19. Rf3 Bc5 20. Re1 Rae8 21. Qh3+ Kg8 22. c3 f5 23. Kf1 f4 24. Bd2 Qg5 25. Re6 Rd8 26. Ke1 Qd5 27. Re2 Rfe8 28. Rxe8+ Rxe8+ 29. Kd1 Be3 0-1

[Event "BEL FEFB-ch op"]
[Site "Fontaine l'Eveque"]
[Date "2009.05.30"]
[Round "3"]
[White "Burnay, Gerard"]
[Black "Wattin, Joffrey"]
[Result "0-1"]
[WhiteElo "1850"]
[BlackElo "1978"]
[PlyCount "118"]
[EventDate "2009.05.29"]
[EventType "swiss"]
[EventRounds "7"]
[EventCountry "BEL"]
[SourceTitle "EXT 2012"]
[Source "ChessBase"]
[SourceDate "2011.11.24"]
[SourceVersion "1"]
[SourceVersionDate "2011.11.24"]
[SourceQuality "1"]

1. d4 f5 2. c4 e6 3. Nc3 Nf6 4. g3 c6 5. Bg2 d5 6. cxd5 exd5 7. Nh3 Bd6 8. Bf4 Na6 9. 0-0 0-0 10. Bxd6 Qxd6 11. e3 Nc7 12. Nf4 Ne6 13. Nd3 g5 14. f4 g4 15. Rc1 Bd7 16. Ne5 Rad8 17. h3 Ng7 18. h4 Ngh5 19. Kh2 Bc8 20. Qb3 Qe7 21. Rf2 Rd6 22. Rfc2 Kg7 23. Qa3 a6 24. b4 Ne8 25. Qb2 Rff6 26. a4 Rh6 27. Rh1 Be6 28. Qa3 Nef6 29. Ra2 Ne4 30. Ne2 b6 31. Bxe4 dxe4 32. Rc2 Bd5 33. b5 axb5 34. axb5 cxb5 35. Qc1 Bc4 36. Nxc4 bxc4 37. Rxc4 Qe6 38. Qc3 Qd5 39. Rc1 Rhe6 40. Rc8 Nf6 41. Qb4 Kg6 42. Qc3 Qb5 43. Rc2 Nd5 44. Qa3 Qa5 45. Qc1 Qa6 46. h5+ Kxh5 47. Kg2 Kg6 48. Kf2 Qd3 49. Rg8+ Kf7 50. Rcc8 Rh6 51. Rgf8+ Ke6 52. Rce8+ Ne7 53. Qc8+ Rd7 54. d5+ Qxd5 55. Nd4+ Kd6 56. Qb8+ Kc5 57. Rxe7 Qa2+ 58. Ne2 Rh2+ 59. Kg1 Rd1+ 0-1

[Event "BEL FEFB-ch op"]
[Site "Fontaine l'Eveque"]
[Date "2009.05.29"]
[Round "1"]
[White "Charlier, Pascal"]
[Black "Wattin, Joffrey"]
[Result "0-1"]
[WhiteElo "1591"]
[BlackElo "1978"]
[PlyCount "38"]
[EventDate "2009.05.29"]
[EventType "swiss"]
[EventRounds "7"]
[EventCountry "BEL"]
[SourceTitle "EXT 2012"]
[Source "ChessBase"]
[SourceDate "2011.11.24"]
[SourceVersion "1"]
[SourceVersionDate "2011.11.24"]
[SourceQuality "1"]

1. d4 f5 2. Nc3 e6 3. e4 fxe4 4. Nxe4 Nf6 5. Bd3 d5 6. Ng5 Bd6 7. Nxh7 Nxh7 8. Qh5+ g6 9. Bxg6+ Kd7 10. Bxh7 Qe7 11. Qe2 Rxh7 12. Nf3 b6 13. Bg5 Ba6 14. Qd2 Qg7 15. h4 Nc6 16. c3 Rg8 17. 0-0-0 Qg6 18. Rhe1 Bc4 19. b3 Ba3+ 0-1

[Event "Hainaut-ch"]
[Site "Manage"]
[Date "2008.08.23"]
[Round "6.8"]
[White "Ooghe, Jean Marie"]
[Black "Wattin, Joffrey"]
[Result "1-0"]
[WhiteElo "1800"]
[BlackElo "1974"]
[PlyCount "137"]
[EventDate "2008.08.23"]
[EventType "swiss"]
[EventRounds "9"]
[EventCountry "BEL"]
[SourceTitle "EXT 2024"]
[Source "ChessBase"]
[SourceDate "2023.10.10"]
[SourceVersion "1"]
[SourceVersionDate "2023.10.10"]
[SourceQuality "1"]

1. d4 f5 2. Nf3 Nf6 3. g3 e6 4. Bg2 Be7 5. 0-0 c6 6. c4 d5 7. c5 0-0 8. b4 a5 9. bxa5 Rxa5 10. Bd2 Ra8 11. Nc3 Ne4 12. Be1 Nd7 13. Qb3 b6 14. cxb6 Nxb6 15. Ne5 Qc7 16. f3 Nd6 17. e4 Ba6 18. Rf2 Rfb8 19. Qd1 Nbc4 20. Nxc4 Nxc4 21. Bh3 g6 22. a4 Rb7 23. Rb1 Rab8 24. Rxb7 Rxb7 25. exf5 exf5 26. Ra2 Nb2 27. Qd2 Nd3 28. Nb5 Nxe1 29. Qxe1 Bxb5 30. axb5 Rxb5 31. Qe6+ Kg7 32. Ra8 Qd6 33. Rg8+ Kh6 34. Qe3+ Bg5 35. f4 Bf6 36. g4 fxg4 37. Bxg4 Rb1+ 38. Kg2 Bh4 39. f5+ g5 40. Be2 Qf6 41. Qe6 Qxe6 42. fxe6 Rb7 43. Bg4 Be1 44. Kf3 Rc7 45. h3 Bb4 46. Bf5 Be7 47. Kg4 Bf6 48. Bd3 Bxd4 49. Kf5 Bg7 50. Ba6 Kh5 51. Be2+ Kh4 52. Rd8 Re7 53. Rd7 Bf8 54. Kf6 Rxe6+ 55. Kxe6 Kxh3 56. Rxh7+ Kg3 57. Rf7 Bb4 58. Rc7 Bd2 59. Rxc6 d4 60. Kf5 Be3 61. Ke4 Kf2 62. Bg4 Kg3 63. Bh5 Kh4 64. Bd1 Kg3 65. Rf6 Kh4 66. Kf3 g4+ 67. Kg2 g3 68. Rf5 Bg5 69. Re5 1-0

[Event "Hainaut-ch"]
[Site "Manage"]
[Date "2008.08.23"]
[Round "3.8"]
[White "Rousseau, Jean Francois"]
[Black "Wattin, Joffrey"]
[Result "1/2-1/2"]
[WhiteElo "1786"]
[BlackElo "1974"]
[PlyCount "79"]
[EventDate "2008.08.23"]
[EventType "swiss"]
[EventRounds "9"]
[EventCountry "BEL"]
[SourceTitle "EXT 2024"]
[Source "ChessBase"]
[SourceDate "2023.10.10"]
[SourceVersion "1"]
[SourceVersionDate "2023.10.10"]
[SourceQuality "1"]

1. e4 c5 2. Nf3 Nc6 3. d4 cxd4 4. Nxd4 Nf6 5. Nc3 d6 6. Bg5 e5 7. Ndb5 a6 8. Na3 Be7 9. Bxf6 gxf6 10. Nd5 Be6 11. Nc4 Bxd5 12. exd5 Na7 13. Bd3 f5 14. Bxf5 b5 15. Ne3 Bg5 16. 0-0 Bxe3 17. fxe3 Qg5 18. Qf3 Qg7 19. e4 Nc8 20. Qa3 Rg8 21. g3 Ke7 22. c4 h5 23. cxb5 Na7 24. bxa6 Nb5 25. Qa5 Rgb8 26. a4 Nd4 27. Qc7+ Kf8 28. Qxd6+ Kg8 29. b4 h4 30. Ra2 hxg3 31. Rg2 Rd8 32. Qe7 Re8 33. Qh4 Rxa6 34. Qxg3 Qxg3 35. hxg3 Rb8 36. b5 Rxa4 37. Bd7 Rb4 38. Rgf2 Rf8 39. Rf6 Rb3 40. Kg2 1/2-1/2

[Event "Charleroi op 4th"]
[Site "Charleroi"]
[Date "2005.08.01"]
[Round "3"]
[White "Ringoir, Guy"]
[Black "Wattin, Joffrey"]
[Result "1/2-1/2"]
[WhiteElo "1960"]
[BlackElo "1660"]
[PlyCount "27"]
[EventDate "2005.07.30"]
[EventType "swiss"]
[EventRounds "9"]
[EventCountry "BEL"]
[SourceTitle "EXT 2006"]
[Source "ChessBase"]
[SourceDate "2005.11.24"]
[SourceVersion "1"]
[SourceVersionDate "2005.11.24"]
[SourceQuality "1"]

1. e4 c5 2. Nc3 Nc6 3. g3 g6 4. Bg2 Bg7 5. d3 d6 6. Be3 Nf6 7. h3 e5 8. Qd2 Be6 9. Bh6 0-0 10. Bxg7 Kxg7 11. f4 Nd4 12. Nf3 Nh5 13. Qf2 f5 14. exf5 1/2-1/2